MARC details
| 000 -CABECERA |
| campo de control de longitud fija |
01173nam a2200265 a 4500 |
| 003 - IDENTIFICADOR DEL NÚMERO DE CONTROL |
| campo de control |
DO-SdBNP |
| 005 - FECHA Y HORA DE LA ÚLTIMA TRANSACCIÓN |
| campo de control |
20211013114443.0 |
| 007 - CAMPO FIJO DE DESCRIPCIÓN FÍSICA--INFORMACIÓN GENERAL |
| campo de control de longitud fija |
ta |
| 008 - DATOS DE LONGITUD FIJA--INFORMACIÓN GENERAL |
| campo de control de longitud fija |
211013e2004 dr ao||gry||| 001 0 spa d |
| 040 ## - FUENTE DE LA CATALOGACIÓN |
| Centro catalogador/agencia de origen |
DO-SdBNP |
| Lengua de catalogación |
spa |
| Centro/agencia transcriptor |
BNPHU |
| 082 ## - NÚMERO DE LA CLASIFICACIÓN DECIMAL DEWEY |
| Número de documento/Ítem |
R426m |
| 110 ## - ENTRADA PRINCIPAL--NOMBRE DE ENTIDAD CORPORATIVA |
| 9 (RLIN) |
54493 |
| Nombre de entidad corporativa o nombre de jurisdicción como elemento de entrada |
República Dominicana. |
| Unidad subordinada |
Instituto Nacional de la Vivienda (INVI) |
| 245 10 - MENCIÓN DE TÍTULO |
| Título |
Memorias gestión 2000-2003 / |
| Mención de responsabilidad, etc. |
Colaboración, Carlos Espinal, Ángel Sosa Fría; Diseño, diagramación y concepción editorial, Mría Eugenia Sús y Xiomara de Reynoso; Gráficas, Rubén Estevez, Enmanuel López y Francis Áreas |
| 260 ## - PUBLICACIÓN, DISTRIBUCIÓN, ETC. |
| Lugar de publicación, distribución, etc. |
Santo Domingo : |
| Nombre del editor, distribuidor, etc. |
La Unión, |
| Fecha de publicación, distribución, etc. |
2004 |
| 300 ## - DESCRIPCIÓN FÍSICA |
| Extensión |
199 p. : |
| Otras características físicas |
il., fot. ; |
| Dimensiones |
29 cm |
| 590 ## - NOTA LOCAL (RLIN) |
| Nota local |
Inventariado 2021 / MF |
| 700 1# - PUNTO DE ACCESO ADICIONAL--NOMBRE DE PERSONA |
| Nombre de persona |
Espinal, Carlos. |
| 9 (RLIN) |
80189 |
| 700 1# - PUNTO DE ACCESO ADICIONAL--NOMBRE DE PERSONA |
| Nombre de persona |
Sosa Fría, Ángel |
| 9 (RLIN) |
80190 |
| 700 1# - PUNTO DE ACCESO ADICIONAL--NOMBRE DE PERSONA |
| Nombre de persona |
Sús, Mría Eugenia, |
| Término indicativo de función/relación |
diseño, diagramación y concepción editorial |
| 9 (RLIN) |
80191 |
| 700 1# - PUNTO DE ACCESO ADICIONAL--NOMBRE DE PERSONA |
| Nombre de persona |
Reynoso, Xiomara de, |
| Término indicativo de función/relación |
diseño, diagramación y concepción editorial |
| 9 (RLIN) |
80192 |
| 700 1# - PUNTO DE ACCESO ADICIONAL--NOMBRE DE PERSONA |
| Nombre de persona |
Estevez, Rubén, |
| Término indicativo de función/relación |
gráficas |
| 9 (RLIN) |
80193 |
| 700 1# - PUNTO DE ACCESO ADICIONAL--NOMBRE DE PERSONA |
| Nombre de persona |
López, Enmanuel, |
| Término indicativo de función/relación |
gráficas |
| 9 (RLIN) |
80194 |
| 700 1# - PUNTO DE ACCESO ADICIONAL--NOMBRE DE PERSONA |
| Nombre de persona |
Áreas, Francis |
| Término indicativo de función/relación |
gráficas |
| 9 (RLIN) |
80195 |
| 942 ## - ELEMENTOS DE PUNTO DE ACCESO ADICIONAL (KOHA) |
| Fuente del sistema de clasificación o colocación |
Dewey Decimal Classification |
| Tipo de ítem Koha |
Libro |